[Event "Athens SAE op"]
[Site "Athens"]
[Date "2001.10.29"]
[Round "7.7"]
[White "Patriarheas, Georgios"]
[Black "Blaxopoulos, Basilios"]
[Result "1-0"]
[WhiteElo "1740"]
[BlackElo "2052"]
[PlyCount "67"]
[EventDate "2001.10.08"]
[EventType "swiss"]
[EventRounds "7"]
[EventCountry "GRE"]
[SourceTitle "EXT 2003"]
[Source "ChessBase"]
[SourceDate "2002.11.25"]
[SourceVersion "1"]
[SourceVersionDate "2002.11.25"]
[SourceQuality "1"]

1. d4 Nf6 2. f4 g6 3. Nf3 Bg7 4. Nc3 d5 5. e3 0-0 6. Bd3 Bg4 7. h3 Bxf3 8. Qxf3 c6 9. Nb1 Qb6 10. Nd2 Nfd7 11. g4 f6 12. f5 g5 13. c4 Na6 14. 0-0 Nb4 15. Be2 Nc2 16. Rb1 e5 17. fxe6 Ne5 18. dxe5 fxe5 19. Qg3 Nxe3 20. Rxf8+ Rxf8 21. c5 Qxc5 22. Nb3 Qc2 23. Qxe3 e4 24. Ra1 d4 25. Qd2 Qxd2 26. Bxd2 d3 27. Bf1 c5 28. Bc3 c4 29. Bxg7 Kxg7 30. Nd4 Kf6 31. Bg2 Ke5 32. e7 Re8 33. Nf5 b5 34. Bxe4 1-0

[Event "Athens SAE op"]
[Site "Athens"]
[Date "2001.10.22"]
[Round "5.5"]
[White "Vazelakis, Dimitrios"]
[Black "Blaxopoulos, Basilios"]
[Result "1-0"]
[WhiteElo "2117"]
[BlackElo "2052"]
[PlyCount "79"]
[EventDate "2001.10.08"]
[EventType "swiss"]
[EventRounds "7"]
[EventCountry "GRE"]
[SourceTitle "EXT 2003"]
[Source "ChessBase"]
[SourceDate "2002.11.25"]
[SourceVersion "1"]
[SourceVersionDate "2002.11.25"]
[SourceQuality "1"]

1. e4 c5 2. Nc3 Nc6 3. f4 g6 4. Bb5 Nd4 5. Bd3 Bg7 6. Nf3 e6 7. 0-0 Ne7 8. Nxd4 cxd4 9. Ne2 d5 10. e5 Qb6 11. Kh1 Bd7 12. c3 dxc3 13. bxc3 Qa5 14. Nd4 0-0-0 15. a4 a6 16. Qe2 h5 17. Ba3 Nf5 18. Nb3 Qc7 19. Rfb1 Bf8 20. Nd4 Nxd4 21. cxd4 Bxa3 22. Bxa6 Bc6 23. Rxa3 bxa6 24. Rc3 Kd7 25. Rbc1 Rb8 26. g4 hxg4 27. Qxg4 Rb4 28. Rxc6 Qxc6 29. Rxc6 Kxc6 30. f5 exf5 31. Qg5 Rb1+ 32. Kg2 Rh7 33. Qf6+ Kb7 34. Qd6 Rd1 35. Qxd5+ Ka7 36. Qc5+ Kb7 37. Qb4+ Ka7 38. a5 Ka8 39. Qc3 Rh8 40. Qf3+ 1-0

[Event "Athens SAE op"]
[Site "Athens"]
[Date "2001.10.20"]
[Round "4.7"]
[White "Holis, Hristos"]
[Black "Blaxopoulos, Basilios"]
[Result "0-1"]
[WhiteElo "1605"]
[BlackElo "2052"]
[PlyCount "68"]
[EventDate "2001.10.08"]
[EventType "swiss"]
[EventRounds "7"]
[EventCountry "GRE"]
[SourceTitle "EXT 2003"]
[Source "ChessBase"]
[SourceDate "2002.11.25"]
[SourceVersion "1"]
[SourceVersionDate "2002.11.25"]
[SourceQuality "1"]

1. d4 Nf6 2. c4 c5 3. d5 e6 4. Nc3 exd5 5. cxd5 d6 6. e4 g6 7. f4 Bg7 8. Bb5+ Bd7 9. Bd3 0-0 10. Nf3 b5 11. 0-0 c4 12. Bc2 Na6 13. e5 dxe5 14. fxe5 Ng4 15. Bf4 Qb6+ 16. Qd4 Qxd4+ 17. Nxd4 b4 18. Ne4 Nxe5 19. Kh1 Nd3 20. Bxd3 cxd3 21. Nc6 f5 22. Ne7+ Kh8 23. Ng5 Bxb2 24. Rae1 Rae8 25. Rf3 Nc5 26. d6 Kg7 27. Nxh7 Kxh7 28. Rh3+ Kg7 29. Bh6+ Kf7 30. Bxf8 Kxf8 31. Nxg6+ Kg7 32. Ne7 Bc3 33. Rg3+ Kf7 34. Rh3 Bxe1 0-1